The ocean circulation inverse problem /
Guardado en:
| Autor Principal: | |
|---|---|
| Formato: | Libro |
| Idioma: | English |
| Publicado: |
Cambridge ; New York :
Cambridge University Press,
1996.
|
| Materias: | |
| Acceso en línea: | Publisher description |
| Etiquetas: |
Agregar Etiqueta
Sin Etiquetas, Sea el primero en etiquetar este registro!
|
| LEADER | 01062cam a2200241 a 4500 | ||
|---|---|---|---|
| 001 | MAT.inmabb006294 | ||
| 008 | 960228s1996####enka#####b####001#0#eng## | ||
| 005 | 20130328202627.0 | ||
| 245 | 1 | 4 | |a The ocean circulation inverse problem / |c Carl Wunsch. |
| 260 | |a Cambridge ; |a New York : |b Cambridge University Press, |c 1996. | ||
| 300 | |a xiv, 442 p. : |b il. ; |c 26 cm. | ||
| 504 | |a Incluye referencias bibliográficas e índices. | ||
| 505 | 0 | |a 1. Introduction -- 2. Physics of the ocean circulation -- 3. Basic machinery -- 4. The steady ocean circulation inverse problem -- 5. Additional useful methods -- 6. The time-dependent inverse problem. | |
| 510 | 4 | |a MR, |c 97e:86009 | |
| 020 | |a 0521480906 (hardcover) | ||
| 100 | 1 | |a Wunsch, Carl. | |
| 650 | 0 | |a Ocean circulation |x Mathematical models. | |
| 650 | 0 | |a Inverse problems (Differential equations) | |
| 084 | |a 86A22 |2 msc2000 | ||
| 010 | |a 96010921 | ||
| 040 | |a DLC |c DLC |d DLC | ||
| 856 | 4 | 2 | |3 Publisher description |u http://www.loc.gov/catdir/description/cam027/96010921.html |
| 859 | |h 86 |i W966 |p A-7720 |b BIB. MATEMATICA | ||
